Mechanizační prostředky 2 učební text pro operátory skladování

Gespeichert in:
Bibliographische Detailangaben
1. Verfasser: Mičkal, Karel
Weitere Verfasser: Jindra, Jiří
Format: Buch
Sprache:Tschechisch
Veröffentlicht: Praha Merkur 1980
Tags: Tag hinzufügen
Keine Tags, Fügen Sie das erste Tag hinzu!

MARC

LEADER 00000nam a2200000 4500
001 c140470
005 20041019155319.0
041 0 |a cze 
044 |a CZ 
245 1 0 |a Mechanizační prostředky 2  |b učební text pro operátory skladování  |c Karel Mičkal, Jiří Jindra 
264 1 |a Praha  |b Merkur  |c 1980 
300 |a 286 s. 
100 1 |a Mičkal, Karel 
700 1 |a Jindra, Jiří